| 000 | 00356nam a22001337a 4500 | ||
|---|---|---|---|
| 020 | _a978-81-8296-542-3 | ||
| 082 |
_a500 _bARY/P |
||
| 100 | _aARYA PUBLISHING | ||
| 245 |
_aPERFECT SAMPLE PAPERS SCIENCE TERM II _bCLASS X |
||
| 260 |
_aDELHI _bARYA PUBLISHING COMPANY _c2016 |
||
| 300 | _a104 | ||
| 650 |
_aSCIENCE SAMPLE PAPERS FOR CLASS X _zINDIA |
||
| 942 | _cBK | ||
| 999 |
_c785 _d785 |
||